| 000 | 00912nam a22002057a 4500 | ||
|---|---|---|---|
| 999 |
_c62499 _d62499 |
||
| 003 | Ge_BSU | ||
| 005 | 20241119115053.0 | ||
| 008 | 241119s1958 ge ||||| |||| 00| 0 geo d | ||
| 041 | _ageo | ||
| 080 | _a612.821.7 კ-78 | ||
| 100 |
_aკოსიცკი, გ.ი. _923735 |
||
| 245 |
_aრა ვიცით ძილის შესახებ ი.პ. პავლოვის შრომების შემდეგ / _cგ.ი. კოსიცკი |
||
| 250 | _aმე-2 გამოცემა | ||
| 264 |
_aთბილისი : _b საბჭ. საქართველო, _c1958. |
||
| 300 |
_a81 გვ. : _bილ. ; _c21 სმ. |
||
| 440 |
_aსანიტარული განათლების ბიბლიოთეკა _923736 |
||
| 653 | _aრა ვიცით ძილის შესახებ | ||
| 653 | _aმედიცინა | ||
| 942 |
_2udc _cBK |
||